Social reform in Bengal : (Record no. 34854)
[ view plain ]
| 000 -LEADER | |
|---|---|
| fixed length control field | 01265cam a2200277 a 4500 |
| 001 - CONTROL NUMBER | |
| control field | 34854 |
| 003 - CONTROL NUMBER IDENTIFIER | |
| rucl marc code | BD-RjUL |
| 005 - DATE AND TIME OF LATEST TRANSACTION | |
| control field | 20211209052225.0 |
| 008 - FIXED-LENGTH DATA ELEMENTS--GENERAL INFORMATION | |
| fixed length control field | 140519r19821904ii 000 0 eng d |
| 035 ## - SYSTEM CONTROL NUMBER | |
| System control number | (BD-RjUL)34948 |
| 040 ## - CATALOGING SOURCE | |
| Original cataloging agency | DLC |
| Transcribing agency | DLC |
| Modifying agency | BD-RjUL |
| Language of cataloging | eng |
| 041 ## - LANGUAGE CODE | |
| Language code of text/sound track or separate title | eng |
| 082 00 - DEWEY DECIMAL CLASSIFICATION NUMBER | |
| Classification number | 361.95414 |
| Edition number | 19 |
| Author mark and year | TAS 1982 |
| 100 1# - MAIN ENTRY--PERSONAL NAME | |
| Personal name | Tattvabhushan, Sitanath. |
| 9 (RLIN) | 106089 |
| 245 10 - TITLE STATEMENT | |
| Title | Social reform in Bengal : |
| Remainder of title | a side sketch / |
| Statement of responsibility, etc. | Sitanath Tattvabhushan. |
| 260 ## - PUBLICATION, DISTRIBUTION, ETC. (IMPRINT) | |
| Place of publication, distribution, etc. | Calcutta : |
| Name of publisher, distributor, etc. | Papyrus, |
| Date of publication, distribution, etc. | 1982. |
| 300 ## - PHYSICAL DESCRIPTION | |
| Pagination | viii, 155 p. ; |
| Size | 22 cm. |
| 500 ## - GENERAL NOTE | |
| General note | Reprint. Originally published: Calcutta : City Book Society, 1904. |
| 505 0# - FORMATTED CONTENTS NOTE | |
| Formatted contents note | Introduction: social reform on shastric lines -- Social reform -- Elevation of the working classes -- Recent developments of the widow movement -- Sasipada Banurji and Indian widows -- The Barahanagar Widows' Home -- Temperance work, past and present -- Social reform and personal religion -- Sasipada Banurji and the Sadharma Dharma Sabha -- Female education -- The widow-marriage movement. |
| 650 #0 - SUBJECT ADDED ENTRY--TOPICAL TERM | |
| Topical term or geographic name as entry element | Social service |
| Geographic subdivision | India |
| -- | Bengal. |
| 9 (RLIN) | 106091 |
| 651 #0 - SUBJECT ADDED ENTRY--GEOGRAPHIC NAME | |
| Geographic name | Bengal (India) |
| General subdivision | Social conditions. |
| 9 (RLIN) | 69555 |
| 942 ## - ADDED ENTRY ELEMENTS (KOHA) | |
| Source of classification or shelving scheme | Dewey Decimal Classification |
| Koha item type | Books |
| Lost status | Source of classification or shelving scheme | Damaged status | Not for loan | Collection code | Permanent Location | Current Location | Shelving location | Date acquired | Source of acquisition | Cost, normal purchase price | Total Checkouts | Full call number | Date last seen | Copy number | Koha item type |
|---|---|---|---|---|---|---|---|---|---|---|---|---|---|---|---|
| Dewey Decimal Classification | Non-fiction | Central Library, University of Rajshahi | Central Library, University of Rajshahi | 07/03/1984 | Asia Foundation | 0.00 | 361.95414 TAS 1982 | 19/05/2014 | C-2 | Books | |||||
| Dewey Decimal Classification | Not For Loan | Non-fiction | Central Library, University of Rajshahi | Central Library, University of Rajshahi | Reading Room | 07/03/198 | 361.95414 TAS 1982 | 28/12/2016 | C-1 | Books |